El futuro de las profesiones : (Record no. 119248)

MARC details
000 -LEADER
campo de control de longitud fija 03433cam a22004337i 4500
001 - NÚMERO DE CONTROL
campo de control 18579304
003 - IDENTIFICADOR DE NÚMERO DE CONTROL
campo de control BJBSDDR
005 - FECHA Y HORA DE LA ÚLTIMA TRANSACCIÓN
campo de control 20231101150455.0
007 - CAMPO FIJO DE DESCRIPCIÓN FÍSICA--INFORMACIÓN GENERAL
campo de control de longitud fija ta
008 - DATOS DE LONGITUD FIJA--INFORMACIÓN GENERAL
campo de control de longitud fija 150417s2016 sp a b 001 0 spa c
010 ## - NÚMERO DE CONTROL DE LA BIBLIOTECA DEL CONGRESO
Número de control de LC 2015939043
020 ## - NÚMERO INTERNACIONAL ESTÁNDAR DEL LIBRO
Número Internacional Estándar del Libro 9788416511112
020 ## - NÚMERO INTERNACIONAL ESTÁNDAR DEL LIBRO
Número Internacional Estándar del Libro 8416511110
035 ## - NÚMERO DE CONTROL DEL SISTEMA
Número de control de sistema (OCoLC)ocn893455325
040 ## - FUENTE DE CATALOGACIÓN
Lengua de catalogación spa
Centro/agencia transcriptor BTCTA
Centro/agencia modificador YDXCP
-- BDX
-- CDX
-- EQO
-- UPM
-- OCLCO
-- CUD
-- VP@
-- VWL
-- OCLCF
-- OCLCO
-- ILI
-- NLGGC
-- OCLCO
-- NZQQP
-- OCLCQ
-- S3O
-- OCLCO
-- DLC
041 ## - CÓDIGO DE IDIOMA
Código de lengua del texto/banda sonora o título independiente spa
042 ## - CÓDIGO DE AUTENTICACIÓN
Código de autenticación pcc
050 14 - SIGNATURA TOPOGRÁFICA DE LA BIBLIOTECA DEL CONGRESO
Número de clasificación HD 8038
Número de ítem S964f 2016
100 1# - ENTRADA PRINCIPAL--NOMBRE DE PERSONA
Nombre de persona Susskind, Richard E.
Forma completa/desarrollada del nombre (Richard Eric),
9 (RLIN) 9775
Fechas asociadas al nombre 1961-
245 14 - MENCIÓN DEL TÍTULO
Título El futuro de las profesiones :
Resto del título cómo la tecnología transformará el trabajo de los expertos humanos /
Mención de responsabilidad, etc. Richard Susskind and Daniel Susskind.
264 #1 - PRODUCCIÓN, PUBLICACIÓN, DISTRIBUCIÓN, FABRICACIÓN Y COPYRIGHT
Producción, publicación, distribución, fabricación y copyright Zaragoza :
Nombre del de productor, editor, distribuidor, fabricante Teell,
Fecha de producción, publicación, distribución, fabricación o copyright 2016.
300 ## - DESCRIPCIÓN FÍSICA
Extensión xvii, 333 pages ;
Dimensiones 24 cm
336 ## - TIPO DE CONTENIDO
Término de tipo de contenido text
Código de tipo de contenido txt
Fuente rdacontent
337 ## - TIPO DE MEDIO
Nombre/término del tipo de medio unmediated
Código del tipo de medio n
Fuente rdamedia
338 ## - TIPO DE SOPORTE
Nombre/término del tipo de soporte volume
Código del tipo de soporte nc
Fuente rdacarrier
505 ## - NOTA DE CONTENIDO CON FORMATO
Nota de contenido con formato El cambio -- <br/>La teoría -- <br/>Consecuencias.
520 ## - RESUMEN, ETC.
Sumario, etc. Este libro predice el declive de las profesiones actuales y explica las personas y los sistemas que las sustituirán. En una sociedad caracterizada por la presencia de Internet, según Richard Susskind y Daniel Susskind, no necesitaremos que los médicos, profesores, contables, arquitectos, sacerdotes, consultores, abogados y muchos otros, trabajen como lo hacían en el siglo XX. El futuro de las profesiones explica cómo "sistemas cada vez más capaces"--Desde la tele-presencia hasta la inteligencia artificial- conllevarán cambios fundamentales en la forma en que el conocimiento práctico de los especialistas se pone a disposición de la sociedad. Los autores ponen en cuestión el "gran trato", el acuerdo que garantiza diversos monopolios a los profesionales actuales. Defienden que nuestras profesiones actuales están anticuadas, son opacas y difícilmente asequibles, y que el conocimiento de los mejores pueden disfrutarlo sólo unos pocos. En su lugar, proponen seis nuevos modelos de producción y distribución del conocimiento. El libro plantea importantes cuestiones morales y prácticas. En una era en que las máquinas pueden superar a los seres humanos en la mayoría de tareas, ¿Cuáles son las perspectivas para el empleo?, ¿Quién debe poseer y controlar el conocimiento por Internet?, ¿y qué tareas deben reservarse únicamente a las personas? Basada en la profunda investigación de más de diez profesiones, e ilustrado por numerosos ejemplos de cada una, éste es el primer libro que evalúa y se pregunta por la relevancia de las profesiones en el siglo XXI.<br/>
650 #4 - PUNTO DE ACCESO ADICIONAL DE MATERIA--TÉRMINO DE MATERIA
Término de materia o nombre geográfico como elemento de entrada Empleados profesionales
9 (RLIN) 9799
650 #4 - PUNTO DE ACCESO ADICIONAL DE MATERIA--TÉRMINO DE MATERIA
Término de materia o nombre geográfico como elemento de entrada Innovaciones tecnológicas
Subdivisión general Aspectos sociales
9 (RLIN) 1640
650 #4 - PUNTO DE ACCESO ADICIONAL DE MATERIA--TÉRMINO DE MATERIA
Término de materia o nombre geográfico como elemento de entrada Innovaciones tecnológicas
9 (RLIN) 6528
Subdivisión de forma Empleos
700 1# - ENTRADA AGREGADA--NOMBRE PERSONAL
Nombre de persona Susskind, Daniel
9 (RLIN) 9779
856 42 - LOCALIZACIÓN Y ACCESO ELECTRÓNICOS
Materiales especificados Contributor biographical information
Identificador Uniforme de Recursos <a href="https://www.loc.gov/catdir/enhancements/fy1614/2015939043-b.html">https://www.loc.gov/catdir/enhancements/fy1614/2015939043-b.html</a>
856 42 - LOCALIZACIÓN Y ACCESO ELECTRÓNICOS
Materiales especificados Publisher description
Identificador Uniforme de Recursos <a href="https://www.loc.gov/catdir/enhancements/fy1614/2015939043-d.html">https://www.loc.gov/catdir/enhancements/fy1614/2015939043-d.html</a>
856 41 - LOCALIZACIÓN Y ACCESO ELECTRÓNICOS
Materiales especificados Table of contents only
Identificador Uniforme de Recursos <a href="https://www.loc.gov/catdir/enhancements/fy1614/2015939043-t.html">https://www.loc.gov/catdir/enhancements/fy1614/2015939043-t.html</a>
906 ## - ELEMENTOS DE DATOS F LOCAL, LDF (RLIN)
a 7
b cbc
c pccadap
d 2
e ncip
f 20
g y-gencatlg
942 ## - ELEMENTOS DE ENTRADA SECUNDARIOS (KOHA)
Fuente del sistema de clasificación o colocación Clasificación de Library of Congress
Tipo de ítem Koha Libro
Holdings
Estatus retirado Estado de pérdida Fuente del sistema de clasificación o colocación Estado de daño No para préstamo Colección Biblioteca de origen Biblioteca actual Ubicación en estantería Fecha de adquisición Signatura topográfica completa Código de barras Visto por última vez Copia número Tipo de ítem Koha
    Clasificación de Library of Congress     Ciencias Sociales Biblioteca Juan Bosch Biblioteca Juan Bosch Ciencias Sociales (3er. Piso) 02/05/2023 HD 8038 S964f 2016 00000169860 02/05/2023 1 Libro